Lana Del Rey - Gods & Monsters Lyrics - Statistics

General Stats
  • This quiz has been taken 279 times
  • The average score is 225 of 284
Answer Stats
Answer % Correct
a
100%
an
100%
and
100%
God
100%
gods
100%
God's
100%
monsters
100%
angel
99%
I
99%
In
99%
in
99%
of
99%
the
99%
was
99%
land
98%
to
94%
"Fuck
92%
me
92%
Me
92%
me"
92%
get
91%
do
90%
living
90%
that
90%
You
89%
you
89%
it
88%
like
88%
Like
88%
on
88%
When
88%
I'm
87%
up
87%
be
86%
fucked
86%
is
86%
so
86%
evil
85%
hard
85%
my
85%
No
85%
we
85%
give
84%
looking
84%
what
84%
garden
83%
sing
83%
away
82%
need
82%
take
82%
this
82%
want"
82%
don't
81%
gonna
81%
your
81%
soul
79%
Jim
78%
Morrison
78%
one's
78%
"Baby
77%
baby?
77%
now
77%
yeah
77%
along
76%
Life
76%
life
76%
truly
76%
got
75%
real
75%
It's
74%
it's
74%
art
73%
groupie
72%
innocence
72%
lost
72%
medicine
72%
needed
72%
Screwed
72%
holiday
71%
singer
71%
can
70%
with
70%
imitates
69%
said
69%
love
68%
that's
68%
doing
67%
for
67%
If
67%
Heaven
66%
alright
65%
as
65%
scared
65%
singing
65%
slowly
65%
softly
65%
you're
65%
'Cause
64%
crazy
63%
know
63%
talk
63%
Fame
62%
incognito
62%
little
62%
makin'
62%
tell
62%
anything
60%
isn't
60%
liquor
60%
movie
60%
heart
59%
posing
59%
Put
59%
really
59%
hands
58%
prettier
58%
Shining
58%
straight
58%
wanna
58%
what's
58%
beacon
56%
good
56%
waist
56%
dead
52%
please
49%
fiery
47%
shoot
45%
towards
45%
Headed
42%
Dope
39%
Motel
39%
sprees
31%
No matching quizzes found
Score Distribution
Percent of People with Each Score
Percentile by Number Answered
Your Score History
You have not taken this quiz